The psychoanalytic theory of neurosis / (Record no. 12576)
[ view plain ]
| 000 -LEADER | |
|---|---|
| fixed length control field | 00766nam a22002411 4500 |
| 001 - CONTROL NUMBER | |
| control field | 12576 |
| 003 - CONTROL NUMBER IDENTIFIER | |
| rucl marc code | BD-RjUL |
| 005 - DATE AND TIME OF LATEST TRANSACTION | |
| control field | 20211208235322.0 |
| 008 - FIXED-LENGTH DATA ELEMENTS--GENERAL INFORMATION | |
| fixed length control field | 140129r19601946nyu b 001 0 eng b |
| 035 ## - SYSTEM CONTROL NUMBER | |
| System control number | (BD-RjUL)12625 |
| 040 ## - CATALOGING SOURCE | |
| Original cataloging agency | U.S. National Library of Medicine |
| Transcribing agency | DLC |
| Modifying agency | DLC |
| -- | BD-RjUL |
| Language of cataloging | eng |
| 041 ## - LANGUAGE CODE | |
| Language code of text/sound track or separate title | eng |
| 082 00 - DEWEY DECIMAL CLASSIFICATION NUMBER | |
| Edition number | 23 |
| Classification number | 616.852 |
| Author mark and year | FEP 1960 |
| 100 1# - MAIN ENTRY--PERSONAL NAME | |
| Personal name | Fenichel, Otto. |
| 9 (RLIN) | 39181 |
| 245 14 - TITLE STATEMENT | |
| Title | The psychoanalytic theory of neurosis / |
| Statement of responsibility, etc. | by Otto Fenichel, M.D. |
| 260 ## - PUBLICATION, DISTRIBUTION, ETC. (IMPRINT) | |
| Place of publication, distribution, etc. | New York : |
| Name of publisher, distributor, etc. | W. W. Norton & company inc., |
| Date of publication, distribution, etc. | 1946 [Reprinted 1960]. |
| 300 ## - PHYSICAL DESCRIPTION | |
| Pagination | x, 703 p. ; |
| Size | 25 cm. |
| 500 ## - GENERAL NOTE | |
| General note | "First edition." |
| 504 ## - BIBLIOGRAPHY, ETC. NOTE | |
| Bibliography, etc | Includes bibliography (p. [590]-664) and index. |
| 650 #0 - SUBJECT ADDED ENTRY--TOPICAL TERM | |
| Topical term or geographic name as entry element | Psychoanalysis. |
| 9 (RLIN) | 3688 |
| Topical term or geographic name as entry element | Neuroses. |
| 9 (RLIN) | 3742 |
| 942 ## - ADDED ENTRY ELEMENTS (KOHA) | |
| Source of classification or shelving scheme | Dewey Decimal Classification |
| Koha item type | Books |
| Lost status | Source of classification or shelving scheme | Damaged status | Not for loan | Collection code | Permanent Location | Current Location | Shelving location | Date acquired | Source of acquisition | Cost, normal purchase price | Total Checkouts | Full call number | Date last seen | Copy number | Koha item type |
|---|---|---|---|---|---|---|---|---|---|---|---|---|---|---|---|
| Dewey Decimal Classification | Non-fiction | Central Library, University of Rajshahi | Central Library, University of Rajshahi | 27/03/1963 | Zeitlinger | 45.00 | 616.852 FEP 1960 | 29/01/2014 | C-1 | Books | |||||
| Dewey Decimal Classification | Non-fiction | Central Library, University of Rajshahi | Central Library, University of Rajshahi | 26/05/1956 | Prof. Zaedi | 19.11 | 616.852 FEP 1946 | 27/05/2017 | C-2 | Books | |||||
| Dewey Decimal Classification | Non-fiction | Central Library, University of Rajshahi | Central Library, University of Rajshahi | 08/12/2021 | Zeitlinger | 616.852 FEP 1955 | 27/05/2017 | C-3 | Books |